| 000 | 00976nac a22002531u 4500 | ||
|---|---|---|---|
| 010 | _a 00267964 | ||
| 020 | _a1565926013 | ||
| 035 | _a(OCoLC)ocm41378958 | ||
| 082 | 0 | 0 |
_a005.713769 _bT919 |
| 090 |
_c4465 _d4465 |
||
| 100 | _aTulloch, Mitch. | ||
| 245 | 1 | 0 |
_aMicrosoft Exchange Server in a nutshell : _ba desktop quick reference / _cMitch Tulloch. |
| 246 | 3 | 0 | _aMicrosoft Exchange Server |
| 250 | _a1st ed. | ||
| 260 |
_aBeijing ; _aSebastopol, CA : _bO'Reilly, _c1999. |
||
| 300 |
_axi, 390 p. : _bill. ; _c23 cm. |
||
| 440 | 2 | _aA Nutshell handbook | |
| 504 | _aIncludes bibliographical references (p. 363-364). | ||
| 650 | 0 |
_aClient/server computing _vHandbooks, manuals, etc. |
|
| 650 | 0 |
_aElectronic mail systems _vHandbooks, manuals, etc. |
|
| 710 | 2 | _aMicrosoft Corporation. | |
| 942 |
_cBB _k005.713769T919 |
||
| 999 |
_c4465 _d4465 |
||